[Event "Sinquefield Cup 2nd"]
[Site "Saint Louis"]
[Date "2014.08.31"]
[Round "5"]
[White "Aronian, Levon"]
[Black "Carlsen, Magnus"]
[Result "0-1"]
[WhiteElo "2805"]
[BlackElo "2877"]
[Annotator "Roiz,M"]
[PlyCount "140"]
[EventDate "2014.08.27"]
[EventType "tourn"]
[EventRounds "10"]
[EventCountry "USA"]
[EventCategory "23"]
[SourceTitle "CBM 162"]
[Source "ChessBase"]
[SourceDate "2014.09.17"]

1. d4 Nf6 2. Nf3 b6 3. g3 Bb7 4. c4 g6 {As usual, Magnus Carlsen doesn't mind
deviating from the main paths.} 5. Bg2 Bg7 6. O-O O-O 7. Re1 {The latest
attempt to fight for the opening advantage. White is delaying a development of
the Nb1 in order to take control of the key e4-square.} ({Black's position
looks quite solid after} 7. d5 Ne4 (7... Na6 8. Nc3 Nc5 9. Nd4 (9. Be3 $5) 9...
e5 10. Nb3 d6 11. e4 Nfd7 12. Be3 a5 13. Nd2 f5 $132 {1-0 Giri,A (2734)
-Grischuk,A (2783)/Beijing CHN 2013 (43)}) 8. Qc2 f5 9. Nbd2 Nd6 10. e4 Na6 11.
exf5 Nxf5 12. Ne4 c6 $132 {1/2-1/2 Sargissian,G (2686)-Anton Guijarro,D (2631)/
Dubai UAE 2014 (82)}) ({Or} 7. Nc3 Ne4 8. Nxe4 Bxe4 9. Be3 c5 10. Qd2 d6 11.
Bh6 Nd7 12. Bxg7 Kxg7 13. Rfd1 Nf6 $11 {1-0 Istratescu,A (2651)-Edouard,R 
(2680)/Nancy FRA 2013 (56)}) 7... e6 8. Nc3 {Exchanging one pair of knights
would definitely suit Black.} ({After} 8. Bg5 h6 9. Bxf6 Qxf6 10. Nc3 d6 $11 {
White seizes a lot of space, but Black's position remains flexible, while the
dark-squared bishop is becoming very strong.}) ({At the same time,} 8. Bf4 $5
d6 9. Qc2 {may be a possible improvement.}) 8... Ne4 9. Nxe4 (9. Bd2 {seems
quite comfortable for Black:} d6 10. Rc1 Nd7 11. d5 Nxc3 (11... Nxd2 $5 12.
Nxd2 Qe7 $11) 12. Bxc3 Bxc3 13. Rxc3 e5 14. Qd2 Kg7 15. e4 a5 16. h4 Nc5 $11 {
1-0 Svidler,P (2753)-Ipatov,A (2613)/Dubai UAE 2014 (41)}) 9... Bxe4 10. Bg5
Qe8 $1 $146 {Magnus comes up with an important novelty in a rare theoretical
position.} ({In the previous game Black had failed to solve all the problems
after bringing the queen to b7:} 10... Qc8 11. Qd2 d6 12. Bh6 Qb7 13. Bxg7 Kxg7
14. Rad1 (14. Bh3 $5 Bxf3 15. exf3 c5 16. f4 $14) 14... Nd7 15. d5 Bxf3 16.
exf3 e5 17. f4 $14 {0-1 Efimenko,Z (2648)-Maletin,P (2588)/Dubai UAE 2014 (56)}
) 11. Qd2 d6 {It looks like Black has no problems now.} 12. Bh6 ({Nor does} 12.
Qe3 {promise anything special:} Bb7 13. Bh6 (13. Qd3 e5 14. e4 Nd7 $11) 13...
Nd7 14. Bxg7 Kxg7 15. Qd3 Rd8 16. e4 e5 17. Rad1 Qe7 $11) 12... Nd7 13. Rac1 (
13. Qf4 f5 14. Qh4 Nf6 15. Ng5 Bxh6 16. Qxh6 Bxg2 17. Kxg2 Qe7 $11) 13... Qe7
14. Bxg7 Kxg7 $11 {Magnus has comfortably equalised.} 15. Bh3 {An ambitious
attempt to avoid the further simplifications.} (15. Ng5 Bxg2 16. Kxg2 e5 17.
Ne4 Nf6 18. Nc3 c6 $11) 15... Nf6 (15... c5 16. Red1 Rad8 17. dxc5 dxc5 18.
Qc3+ Qf6 $11) 16. Nh4 {The knight has nothing much it can achieve there, but
Levon just wanted to seize space in the centre as soon as it was possible.} (
16. Qc3 c5 17. Nd2 Bb7 18. e4 cxd4 19. Qxd4 Qc7 $11) 16... Bb7 17. f3 (17. Bg2
Bxg2 18. Nxg2 $11) 17... c5 18. e4 cxd4 19. Qxd4 Rfd8 {White's space advantage
is just symbolic here, since there are not many minor pieces on the board.} 20.
Ng2 Qc7 21. Ne3 Qc5 22. Qc3 {I guess, Levon was quite ambitious at this moment.
} (22. Red1 h5 23. Rd3 Rd7 24. Rcd1 Rad8 $11) 22... a5 23. Red1 h5 {A useful
prophylactic move.} 24. Rd3 b5 $1 {Just in time! Magnus doesn't hesitate and
avoids a passive position.} ({After} 24... Rd7 25. Rcd1 Rad8 26. Bg2 $14 {
Black would be forced to sit and wait, while White may try to make progress on
both sides of the board.}) 25. b3 $6 {A strange decision.} ({There was no
reason to deviate from} 25. cxb5 Qxb5 26. Qd2 Ba6 27. Bf1 (27. Rb3 $5) 27...
Qb4 28. Rd4 Qxd2 29. Rxd2 Bxf1 30. Kxf1 {and White's position is even slightly
better, although Black should be able to equalise.}) 25... bxc4 26. bxc4 {
The position is still more or less equal, but White may face some problems in
the long run - the pawns on c4 and a2 are quite vulnerable, while the Pd6 is
not under any pressure.} ({I would prefer} 26. Qxc4 Qa3 27. Rdc3 d5 (27... Rac8
28. Qd4 Rxc3 29. Rxc3 $11 Qxa2 $140 $2 30. Bxe6 $16) 28. Qc7 Rd7 29. Qe5 dxe4
30. fxe4 {and White has enough counterplay to achieve a draw:} Bxe4 31. Rf1 Qe7
32. Rf4 Bf5 33. Bxf5 exf5 34. Rxf5 $11) 26... Bc6 27. Rcd1 Rd7 28. Bg2 Rb8 29.
Qd4 {A correct decision - the queen exerts unpleasant pressure along the a7-g1
diagonal.} Qe5 $5 {Magnus is trying to complicate the matters.} ({Deviating
from the simple endgame which arises after} 29... e5 30. Qxc5 dxc5 31. Rd6 Ba4
32. R1d2 Rxd6 33. Rxd6 Rb1+ 34. Bf1 $11) 30. f4 $6 {This impatient advance
leads to some troubles.} ({It was necessary to swap one pair of rooks in order
to equalise:} 30. Rb3 $1 Rxb3 31. axb3 Rb7 32. Nc2 Be8 (32... Rxb3 $2 33. f4 $1
Qxd4+ 34. Nxd4 Rb6 35. Nxc6 Rxc6 36. e5 $16) 33. Qxe5 dxe5 34. Ra1 Rxb3 35.
Rxa5 Rc3 36. Ne1 $11) 30... Qxd4 31. Rxd4 Rc7 {Now Black has a small but
stable advantage, since White has a couple of weaknesses.} (31... e5 32. Rxd6 (
32. fxe5 dxe5 33. Rxd7 Bxd7 $15) 32... Rxd6 33. Rxd6 exf4 34. gxf4 Bxe4 35. Rd2
a4 $15) 32. R1d2 Ne8 $1 {As usual, Magnus is playing precisely in such
positions.} ({Black didn't get anything special in the event of} 32... e5 33.
Rxd6 exf4 34. gxf4 Nxe4 35. Bxe4 (35. Rxc6 $2 Rxc6 36. Bxe4 Re6 $19 {[%csl Re3,
Re4]}) 35... Bxe4 36. Kf2 $11) 33. Kf2 (33. e5 {didn't solve all the problems
either:} dxe5 34. fxe5 Bxg2 35. Kxg2 Rc5 36. Re4 Nc7 $15) 33... Kf8 34. c5 {
As is his style, Levon is searching for active play at the cost of material.} (
34. R4d3 Rb4 35. Rb3 $15) 34... dxc5 35. Rc4 (35. R4d3 $5 Nf6 36. e5 Ne4+ 37.
Bxe4 Bxe4 38. Rc3 $15) 35... Bb5 $6 ({The only way to fix the advantage was} 
35... Rd7 $1 {exchanging Levon's most active piece} 36. Rxd7 (36. Rdc2 Nd6 37.
Rxc5 Bxe4 $17) 36... Rb2+ 37. Rc2 $1 (37. Ke1 Bxd7 38. a4 Ra2 $17) 37... Rxc2+
38. Nxc2 Bxd7 39. e5 $15 {Still, White has excellent drawing chances here.})
36. Rc3 (36. Rb2 $5 Rbb7 (36... Bxc4 37. Rxb8 Bd3 (37... Bxa2 $4 38. Rb2 $18)
38. Ke1 Ke7 39. e5 $44) 37. Rc3 Bc6 38. Rxb7 Bxb7 39. e5 Bxg2 40. Kxg2 Ng7 41.
Kf3 $11) 36... c4 37. e5 $6 {This natural move is inaccurate.} ({Equality was
reachable:} 37. Rb2 $142 Rcc8 38. e5 Ng7 39. Be4 Nf5 40. Nxc4 Bxc4 41. Rxb8
Rxb8 42. Rxc4 $11) 37... Rc5 $1 38. Nc2 $6 {After this move White's position
could become very difficult.} (38. Bf1 $142 f6 $1 39. Nxc4 fxe5 40. fxe5 Bxc4
41. Rxc4 Rxe5 $15) 38... Nc7 39. Nd4 Nd5 $6 {There was no reason to hurry with
clarifying the character of the position.} ({A much stronger move was} 39...
Ba6 $1 40. Ke3 Rb1 41. Be4 Nd5+ 42. Bxd5 Rxd5 $17) 40. Bxd5 Rxd5 41. Nf3 $1 {
After exchanging one pair of rooks White gets sufficient compensation for a
pawn, since the knight is more useful than the bishop here.} Rc5 (41... Ba6 42.
Rxd5 exd5 43. Ra3 Rb1 44. Ke3 $44) 42. Rb2 Rd8 (42... Rcc8 43. Nd2 Ba6 44. Rbc2
Rc5 45. Ke3 Rb4 46. Ne4 $44) 43. Nd2 Bc6 44. Nb3 $6 {Tired after some tough
defence, Levon commits another serious mistake.} ({After} 44. Ke3 Bd5 45. Rbc2
Rdc8 46. h4 {Black couldn't make any progress.}) 44... Rb8 $1 {That's the
point! Now White cannot set up a blockade any more.} 45. Rcc2 c3 46. Rb1 Rcb5
47. Rxc3 Bd5 {White has managed to win the c-pawn, but there is no way to
avoid the loss of another pawn.} 48. Rbc1 Bxb3 49. Rxb3 Rxb3 50. axb3 Rxb3 {
This rook endgame is still drawn, but White's practical task is not that easy.}
51. Rc8+ $1 {Correctly keeping the took active.} (51. Ra1 Rb5 52. Ra2 Ke7 53.
Ke3 g5 $17) 51... Ke7 ({After} 51... Kg7 52. Ra8 Ra3 53. h4 a4 54. Kg2 {
it would be very difficult to activate the Kg7, so White should be able to
save a half point.}) 52. Kg2 $1 {An excellent defensive resource! The king may
attack Black's kingside pawns now.} (52. Ra8 $2 Rb2+ 53. Ke3 Ra2 54. Kd4 a4 55.
Ke3 a3 56. Kd4 Kd7 57. Ra7+ Kc6 58. h4 Kb6 59. Ra8 Kb5 60. Rb8+ Ka4 61. Ra8+
Kb3 62. Rb8+ Kc2 63. Ra8 Ra1 $19) 52... a4 53. Kh3 g5 $1 {Magnus finds the
only resource in this drawish position.} ({After} 53... a3 54. Ra8 Kd7 55. Kh4
Kc6 56. Kg5 $11 {White would be out of danger.}) 54. fxg5 Rb4 55. Ra8 Rg4 56.
Ra7+ Kf8 57. g6 ({There was nothing wrong with} 57. Kg2 Rxg5 (57... h4 58. Kf3
hxg3 59. hxg3 Rb4 60. g6 fxg6 61. Kf2 $15) 58. Rxa4 Rxe5 59. h3 $15) 57... fxg6
58. Kg2 g5 59. Kf3 Rb4 60. Ke3 Ke8 61. Kd3 h4 ({After} 61... Rb2 $5 62. Rxa4 (
62. h4 $2 gxh4 63. gxh4 Rb4 $19) 62... Rxh2 63. g4 {White should be able to
escape, but the task is not easy:} Rh3+ 64. Ke2 h4 65. Ra8+ Kf7 66. Ra7+ Kg6
67. Re7 Rg3 68. Rxe6+ Kf7 69. Rf6+ Ke7 70. Rh6 Rxg4 71. Kf3 Rf4+ 72. Kg2 Re4
73. Kh3 Rxe5 74. Kg4 {and Black cannot make progress.}) 62. Kc3 hxg3 63. hxg3 (
63. Kxb4 g2 $19) 63... Rg4 64. Kd3 $2 {The decisive mistake. Levon allows
Black to keep the a-pawn on the board.} ({After the correct} 64. Kd2 $1 Rxg3
65. Rxa4 Kf7 66. Ra8 Rb3 67. Ke2 Rb5 68. Kf3 Rxe5 69. Kg4 {the activity of
White's pieces saves the day. Still, precise play is required.}) 64... a3 65.
Ke3 Rxg3+ 66. Kd4 g4 $19 {Now the game is over - 2 passed pawns are
unstoppable.} 67. Ra8+ Kd7 68. Kc5 Rd3 69. Kc4 Rf3 70. Kc5 g3 0-1

[Event "Sinquefield Cup 2nd"]
[Site "Saint Louis"]
[Date "2014.08.30"]
[Round "4"]
[White "Carlsen, Magnus"]
[Black "Topalov, Veselin"]
[Result "1/2-1/2"]
[WhiteElo "2877"]
[BlackElo "2772"]
[PlyCount "125"]
[EventDate "2014.08.27"]
[EventType "tourn"]
[EventRounds "10"]
[EventCountry "USA"]
[EventCategory "23"]
[SourceTitle "CBM 162"]
[Source "ChessBase"]
[SourceDate "2014.09.17"]

1. d4 Nf6 2. c4 e6 3. Nc3 Bb4 4. Nf3 b6 5. Bd2 Bb7 6. g3 c5 7. dxc5 Bxc5 8. Bg2
O-O 9. O-O Be7 10. Bf4 Na6 11. Nb5 d5 12. Ne5 Nc5 13. Rc1 a6 14. Nc3 dxc4 15.
Bxb7 Nxb7 16. Qxd8 Raxd8 17. Nc6 Rde8 18. Rfd1 h6 19. e4 Bc5 20. e5 Nd5 21.
Nxd5 exd5 22. Rxd5 b5 23. Be3 Bxe3 24. fxe3 Re6 25. Nd4 Rb6 26. b3 Rc8 27. Kg2
Rc5 28. Rxc5 Nxc5 29. bxc4 bxc4 30. Rxc4 Nd3 31. Rc8+ Kh7 32. e6 fxe6 33. Kf3
Kg6 34. a4 e5 35. Nc6 Kf5 36. g4+ Ke6 37. a5 Rb5 38. Rd8 Nc5 39. h4 Rb1 40. Rg8
Kd6 41. Nb8 e4+ 42. Kg2 Rb2+ 43. Kf1 Rb5 44. Kf2 Ne6 45. Rc8 Rxa5 46. Rc6+ Kd5
47. Rxa6 Rxa6 48. Nxa6 Kc6 49. Nb4+ Kc5 50. Nc2 Kc4 51. Ke2 g5 52. hxg5 hxg5
53. Kd2 Nc5 54. Na3+ Kb4 55. Nc2+ Kc4 56. Na3+ Kd5 57. Nb5 Nd7 58. Nc3+ Ke5 59.
Nd1 Nf6 60. Nf2 Kd5 61. Nh3 Nxg4 62. Nxg5 Nxe3 63. Nxe4 1/2-1/2

[Event "Sinquefield Cup 2nd"]
[Site "Saint Louis"]
[Date "2014.08.27"]
[Round "1"]
[White "Vachier Lagrave, Maxime"]
[Black "Carlsen, Magnus"]
[Result "1/2-1/2"]
[WhiteElo "2768"]
[BlackElo "2877"]
[Annotator "Postny,E"]
[PlyCount "75"]
[EventDate "2014.08.27"]
[EventType "tourn"]
[EventRounds "10"]
[EventCountry "USA"]
[EventCategory "23"]
[SourceTitle "CBM 162"]
[Source "ChessBase"]
[SourceDate "2014.09.17"]

1. e4 e5 2. Nf3 Nc6 3. d4 exd4 4. Nxd4 Bc5 5. Nb3 {A common line nowaday where
White normally castles to the queenside, heading for sharp play.} Bb6 6. Nc3
Nf6 7. Qe2 a5 {A standard push, but in this particular position very rare. The
main continuations are 7...d6 and 7...0-0.} 8. e5 $146 {A principled novelty,
but both players continued to play quickly, clearly having the variation
analysed until a certain point.} (8. a4 O-O (8... Nb4 9. Bg5 h6 10. Bh4 d6 11.
O-O-O Qe7 12. f3 Bd7 13. Kb1 g5 $6 14. Bf2 Bxf2 15. Qxf2 Be6 16. Nd4 $16 {
1/2-1/2 (81) Volokitin,A (2687)-Eljanov,P (2707) Kiev 2013}) 9. Be3 d5 10. Bxb6
cxb6 11. O-O-O Re8 12. f3 Bd7 13. Qf2 dxe4 14. fxe4 Rc8 $15 {1-0 (49) Carlsson,
P (2485)-Hector,J (2483) Borlange 2014}) 8... O-O $1 {This sacrifice is forced.
Things are getting exciting from the very beginning.} 9. exf6 a4 10. Nd5 (10.
fxg7 $2 {would lose a crucial tempo. The white pawn on g7 actually contributes
to the defence of Black's monarch.} Re8 11. Be3 axb3 12. cxb3 Nd4 13. Qh5 Ra5
$1 (13... Nc2+ $2 14. Kd2 Ra5 (14... Nxa1 $4 15. Bd3 $18) 15. Nb5 Nb4 16. Bg5
f6 17. Bxf6 Qxf6 18. Qxe8+ Kxg7 19. Kd1 Rxb5 20. Bxb5 Qd4+ 21. Kc1 Qf4+ 22. Kd1
Qd4+ $11) 14. Nb5 (14. Nd5 Nc2+ 15. Kd2 Nb4 16. Bc4 Nxd5 17. Bxd5 Qf6 18. Bxb6
cxb6 $19) 14... Rxe3+ $1 15. fxe3 Qe7 16. O-O-O Nxb5 17. Bd3 Bxe3+ (17... Qc5+
18. Qxc5 Bxc5) 18. Rd2 h6 19. Qf5 Bxd2+ 20. Kxd2 {Otherwise, White will lose
his queen after the knight's check.} Qg5+ 21. Qxg5 hxg5 22. Bxb5 Rxb5 23. Re1
Kxg7 24. Re8 Ra5 25. Rxc8 Rxa2 26. Kc2 Ra6 $1 27. Rxc7 Rc6+ 28. Rxc6 bxc6 $19)
10... Re8 11. Be3 axb3 12. Qg4 g6 13. Bc4 $1 {Development above all!} Nb4 $1 {
The preparation probably ended somewhere here, as from this point players
started to consume more time. Magnus found the right way to complete his
development with the temporary pieece sacrifice.} (13... bxc2 14. O-O d6 15.
Qf4 Re5 16. Nxb6 cxb6 17. Bxb6 $1 Qf8 {is unlikely to be good for Black.}) 14.
Nxb4 d5 15. Qf4 (15. Qg5 dxc4 16. Nd5 Bc5 $1 {It is necessary to bring the
bishop into defence.} 17. cxb3 cxb3 18. O-O h6 19. Qxh6 Bf8 20. Qg5 bxa2 21.
Rfd1 {The queen has no square to hide, but Black will get enough material for
it.} Bf5 22. h4 Ra6 23. Ne7+ Bxe7 24. Rxd8 Bxd8 25. Bd4 Bb1 {Black is not
worse.}) 15... dxc4 16. O-O bxc2 17. Nd5 $1 {Back to the key square.} (17. Bxb6
cxb6 18. Nd5 Re6 19. Qxc4 Kh8 20. Qxc2 $1 Qxd5 $2 (20... Rd6 $1 {must be
played.} 21. Nc3 Bf5 22. Qb3 Qxf6 $11) 21. Rad1 Qe5 22. Rd8+ Re8 23. Qc7 $1 Qe6
24. h4 $1 {A remarkable position. White is a piece down, but dominating.} (24.
Rfd1 $2 Bd7 25. Qxd7 Raxd8 26. Qxd8 h5 {Compared to the line 24.h4 White can't
now play 27.Qd7 in view of the mate on the back rank. The queen must go back
to d3 or d2 and White loses his extra pawn.}) 24... Kg8 25. Rfd1 Bd7 $8 26.
Qxd7 Raxd8 27. Qxd8 h5 28. Qd7 $16) 17... Re6 {Now the queen can protect the
king from f8.} 18. Qxc4 Bxe3 19. fxe3 b5 $1 20. Qc5 Bb7 21. Ne7+ Kh8 (21...
Rxe7 22. fxe7 Qd2 23. Rf2 Qd1+ 24. Rf1 Qd2 {could force a repetition, but
Carlsen is playing for a win.}) 22. Qxc2 Raa6 {Black has managed to develop
both his rooks via the sixth rank. There is a lot of unusual stuff in this
game!} 23. Rac1 $6 {It's tempting to attack the Pc7, but it was more important
to fight for the d-file.} (23. Rad1 Rad6 24. Qb3 Rd2 25. Rxd2 Qxd2 26. Rf2 Qe1+
27. Rf1 Qe2 28. Rf2 $11) 23... Rxf6 24. Rxf6 Rxf6 25. Qxc7 Qd2 $6 {Just missed
the square.} (25... Qd3 $1 26. Qc3 Qxc3 27. Rxc3 Rd6 28. Rc7 Be4 {Black is a
pawn down at the moment but seriously pressing. The rook is penetrating to d2,
while the white knight is dominated by the bishop.}) 26. Qb8+ {Now the game is
going to end in a spectacular draw.} Kg7 27. Qg8+ Kh6 28. Qf8+ Kh5 29. Rc5+ g5
30. Rxg5+ $1 Kxg5 (30... Kh4 31. g3+ Kh3 $2 {would lose to a long sequence of
checks.} (31... Kxg5 32. Qg7+ Rg6 33. Qe5+ {leads to the same perpetual as in
the game. The inclusion of the move g2-g3 is of no significance.}) 32. Rh5+ Kg4
33. Qg7+ $1 (33. Rh4+ $4 Kf3 {and Black is mating!}) 33... Kxh5 34. g4+ Kh4 35.
Qxf6+ Kh3 36. Qh6+ Kxg4 37. Qf4+ Kh5 38. Qxf7+ Kh6 39. Qf6+ Kh5 40. Qe5+ $1 Kh6
41. Nf5+ Kg6 42. Qe6+ Kg5 43. Qh6+ Kg4 44. h3+ Kxf5 45. e4+ {winning the queen.
}) 31. Qg7+ Rg6 32. Qe5+ f5 (32... Kh6 33. Nf5+ Kh5 34. Ng3+ Kh6 35. Nf5+ {
is another version of perpetual check.}) 33. h4+ Kh5 34. Qxf5+ Kh6 35. Qf8+ Kh5
36. Qf5+ Kh6 37. Qf8+ Kh5 38. Qf5+ {Great game by both players!} 1/2-1/2